000 01644nam2a2200301 4500
001 RU\NLR\bibl\1060198
005 20250615040443.0
021 _aRU
_b2007-6728
_9358
035 _a(NLR Aleph) 001047473
090 _a857373
_c857373
100 _a20070316d2006 |||y0rusy50 ca
101 0 _arus
102 _aRU
105 _ac |||||||||
200 1 _a[За хребтом Сатымара
_aАлданцы
_fГеннадий Донец
210 _d2006
_aБ. м.
215 _a941 с.
_cпортр.
423 0 _12001#$aДолина бессмертников$aИнспектор Золотой тайги$fВладимир Митыпов]
_1700#1$aМитыпов$bВ.$gВладимир$4070
_1210##$aУлан-Удэ$d2006
_1215##$aС. 513-940
_tИнспектор Золотой тайги
_aМитыпов, Владимир
461 0 _1001RU\NLR\bibl\1063819
_12001#$aЗабайкальский роман$vТ. 5
_9878957
_cУлан-Удэ
_d2006
_fПроект ООО "Имени Гомбожаба Цыбикова и Жамсо Тумунова"
_nРеспубликанская типография
_o[произведения ведущих прозаиков Читинской области и Агинского Бурятского автономного округа] : в 5 т.
_tЗабайкальский роман
_vТ. 5
686 _aШ6(2=Р)75-440.4
686 _aШ6(2=Бу)7-4{Лх-бурят.240-45}Митыпов
701 1 _aДонец
_bГ.
_gГеннадий
_4070
801 0 _aRU
_bNLR
_c20070316
_gRCR
801 1 _aRU
_bNLR
_c20070316
942 _cBOOK
980 _aNB